Bảo vệ rơle và tự động hóa trong hệ thống điện
Sparad:
| Huvudupphovsman: | |
|---|---|
| Materialtyp: | Bok |
| Språk: | Undetermined |
| Publicerad: |
Tp. HCM
ĐHQG
2001
|
| Ämnen: | |
| Taggar: |
Lägg till en tagg
Inga taggar, Lägg till första taggen!
|
| Thư viện lưu trữ: | Trung tâm Học liệu Trường Đại học Cần Thơ |
|---|
| LEADER | 00657nam a2200205Ia 4500 | ||
|---|---|---|---|
| 001 | CTU_56839 | ||
| 008 | 210402s9999 xx 000 0 und d | ||
| 020 | |b 58000 | ||
| 082 | |a 621.317 | ||
| 082 | |b V308 | ||
| 100 | |a Nguyễn Hoàng Việt | ||
| 245 | 0 | |a Bảo vệ rơle và tự động hóa trong hệ thống điện | |
| 245 | 0 | |c Nguyễn Hoàng Việt | |
| 260 | |a Tp. HCM | ||
| 260 | |b ĐHQG | ||
| 260 | |c 2001 | ||
| 526 | |a Bảo vệ rơle nâng cao | ||
| 526 | |b CN673 | ||
| 650 | |a relay control systems,electric relays control,electric power systems | ||
| 980 | |a Trung tâm Học liệu Trường Đại học Cần Thơ | ||